000 00404nam a22001457a 4500
082 _aP-623
100 _aHassan Javaid
_950824
245 _aPermeability assessment of concrete with admixture and bacterial mineralization
260 _aRisalpur,
_bMCE,
_c2015.
300 _a99p.
526 _a0
_b0
_c0
_dP_623
526 _a0
_b0
_c0
_dP_623
700 _aLt Col Sarfraz ahmad
_950825
942 _2ddc
_cBK
999 _c553561
_d553561